Functionally terminated butadiene polymers (1969 reviews) (Record no. 59637)
[ view plain ]
| 000 -LEADER | |
|---|---|
| fixed length control field | 00368nam a2200133Ia 4500 |
| 100 ## - MAIN ENTRY--AUTHOR NAME | |
| Personal name | French David M |
| 245 #0 - TITLE STATEMENT | |
| Title | Functionally terminated butadiene polymers (1969 reviews) |
| 260 ## - PUBLICATION, DISTRIBUTION, ETC. (IMPRINT) | |
| Name of publisher | Rubber Chemistry and Technology |
| Year of publication | 1969 |
| 300 ## - PHYSICAL DESCRIPTION | |
| Number of Pages | 71-109 |
| 650 ## - SUBJECT ADDED ENTRY--TOPICAL TERM | |
| Topical Term | 1969 reviews |
| 650 ## - SUBJECT ADDED ENTRY--TOPICAL TERM | |
| Topical Term | Polybutadiene |
| 942 ## - ADDED ENTRY ELEMENTS (KOHA) | |
| Koha item type | Journals |
| Withdrawn status | Lost status | Damaged status | Not for loan | Home library | Current library | Shelving location | Date acquired | Serial Enumeration / chronology | Koha item type |
|---|---|---|---|---|---|---|---|---|---|
| Journals | RRII Library | RRII Library | Rubber chemistry | 17/12/2021 | Volume 42, Issue 1 | Journals |